000 03336cam a22004574i 4500
003 PE-LiUPU
005 20250731165436.0
008 160519s2015 pe a grm 000 0 spa d
035 _a(Sirsi) a156763
040 _aPE-LiUPU
_bspa
_cPE-LiUPU
_erda
099 _aTIS 2
_bH89 2015
100 1 _aHuichi Quequejana, William Oscar
_eautor
245 1 _aImplementación de una plataforma de Business Intelligence para la toma de decisiones en un centro de salud /
_cWilliam Oscar Huichi Quequejana.
264 0 _c2015.
300 _a180 hojas :
_bilustraciones;
_c30 cm
336 _atext
_2rdacontent
337 _aunmediated
_2rdamedia
338 _avolume
_2rdacarrier
502 _aTesis
_b(Lic.) --
_cUniversidad Peruana Unión,
_d2015.
504 _aIncluye bibliografía
520 3 _aEste proyecto de investigación presenta la implementación de una plataforma de Business Intelligence para la toma de decisiones en un centro de salud. En estos últimos años, la gran demanda de información y los grandes volúmenes de datos han sido un desafío para las organizaciones en nuestro país y en el mundo entero. Se estima que sólo un tercio de las empresas usan indicadores para medir su gestión, esto representa un enorme desafío. Como dice un viejo dicho, no se puede gestionar lo que no se mide. Esto indica que hay un gran número de empresas que están siendo gestionadas por intuición y experiencia, por lo general no es malo si se combina con información pero está probado en varios estudios que es mucho más acertado tomar decisiones en los negocios basados en información que en la intuición. Así como existen grandes hospitales y clínicas, también están los centros de salud en un primer nivel de atención, en donde uno de los problemas más frecuentes es el pésimo control en la gestión de atención ambulatoria, esto hace que el proceso de toma decisiones no sea la mejor, incluso muchos centros de salud aún almacenan sus datos de atención ambulatoria en registros físicos y archivos planos. Como se dice, algo peor que no tener información es no saber qué hacer con ella. La pregunta es, ¿qué podrían hacer para darle un buen uso? En solución a este problema nace el Business Intelligence como la habilidad corporativa para tomar decisiones basadas en la información precisa y oportuna, garantizando el conocimiento necesario para escoger la alternativa que sea más conveniente para el éxito de la organización. Al implementar la plataforma de Business Intelligence, se mejoró el control en la gestión de atenciones ambulatorias, logrando la optimización del proceso de tomas de decisiones y satisfacción propia del centro de salud.
526 _aSEG44
526 _aSEG26
526 _aP151
526 _aP150
526 _aP149
526 _aP146
526 _aP145
526 _aP126
526 _aP125
526 _aP92
526 _aP75
526 _aP74
526 _aP27
526 _aP15
650 0 4 _aToma de decisiones
_xInnovaciones tecnológicas
_vTesis.
650 0 4 _aInteligencia en los negocios
_xProcesamiento de datos
_vTesis.
596 _a1
942 _2ddc
_cTESIS
999 _aTIS 2 H89 2015
_wALPHANUM
_c9413
_iT01973
_lCCODEBUL3
_mBUL
_r1
_sY
_tTESIS
_u2016-5-19
_xINGENIERIA
_PP27
_o.STAFF. Tesis
_d9413
980 _81
_gALBERTO SANCHEZ Responsable de Automatización